| 000 | 00935nam a22002417a 4500 | ||
|---|---|---|---|
| 999 |
_c6922 _d6922 |
||
| 003 | AR-CdUCM | ||
| 008 | 190319b ||||| |||| 00| 0 spa d | ||
| 040 |
_aMUNICIPALIDAD PROVINCIAL DEL CUSCO _cBIBLIOTECA MUNICIPAL DEL CUSCO |
||
| 041 | _heng | ||
| 082 |
_a633.7 / _bH11 |
||
| 100 |
_aHaarer, A. E. _919506 |
||
| 245 | _aProducción moderna de café / | ||
| 260 |
_aMéxico, D. F : _bContinental, _c1964. |
||
| 300 |
_a652 páginas ; _bIlustraciones, _c23 cm. |
||
| 500 | _aTitulo original: Modern coffee production | ||
| 505 | _aLos albores de la historia del café -- Las especies económicas del café -- Genética y mejoramiento -- Medio ambiente y fisiología -- Sombras y rompevientos -- Propagación del cafeto por semillas ... | ||
| 650 |
_aProducción de café _919507 |
||
| 650 |
_aGenética _95063 |
||
| 650 |
_aFisiología _94959 |
||
| 700 |
_aGodinez Noriega, Marcos _919508 |
||
| 942 |
_2ddc _cLIBROS |
||
| 945 | _aacv | ||